Afrika inakwenda Kombo
Saved in:
| 主要作者: | |
|---|---|
| 其他作者: | |
| 格式: | 图书 |
| 出版: |
Nairobi
East African Literature Bureau
c1974
|
| 主题: | |
| 标签: |
添加标签
没有标签, 成为第一个标记此记录!
|
MARC
| LEADER | 00000nam a22000007a 4500 | ||
|---|---|---|---|
| 020 | |a NA |c TZS 18.50 | ||
| 040 | |a MUL |b eng |e AACR | ||
| 082 | |a 330.96 DUM | ||
| 100 | |a Dumont, R | ||
| 245 | |a Afrika inakwenda Kombo |c /Dumont, R. , edited by Gabriel Ruhumbika | ||
| 260 | |a Nairobi |b East African Literature Bureau |c c1974 | ||
| 300 | |a xviii, 229 p. : |c 22 cm | ||
| 546 | |a eng | ||
| 650 | |a Afrika | ||
| 700 | |a Ruhumbika,Gabriel | ||
| 942 | |c BK | ||
| 999 | |c 9376 |d 9376 | ||